000 00700nam a2200289Ia 4500
005 20260324134346.0
008 008 260324s9999 xx 000 0 eng d
020 _a9780429141386
037 _aEBOOK
040 _aCRL
040 _beng
040 _cCRL
041 _2eng
041 _aeng
084 _qCRL
100 _aM.R. Anderson
_91196517
245 4 _aThe Mathematical Theory of Cosmic Strings
245 0 _bCosmic Strings in the Wire Approximation
260 _bTaylor and Francis
260 _c2002
365 _a
365 _b465
856 _uhttp://www.taylorfrancis.com/books/9780429141386
942 _cEBOOK
999 _c1796535
_d1796535